| 000 | 00582cam a2200205u 4500 | ||
|---|---|---|---|
| 001 | 82632 | ||
| 003 | BD-RjUL | ||
| 005 | 20240116111015.0 | ||
| 008 | 230116s1910 enkae 000 0 eng | ||
| 035 | _a(BD-RjUL)82632 | ||
| 040 |
_aDLC _cCarP _dDLC _beng |
||
| 041 | _aeng | ||
| 082 |
_223 _a823 _bGHP 1910 |
||
| 100 | 1 |
_aGhosh, Sarath Kumar, _d1883-1920. _910857 |
|
| 245 | 1 | 4 |
_aThe prince of destiny: _bthe new krishna /, _cSarath Kumar Ghosh |
| 250 | _aColonial Edition | ||
| 260 |
_aLondon: _bRebman limited, _c1910. |
||
| 300 |
_a630 p. _billus. (plan) _c19 cm. |
||
| 942 |
_2ddc _cBK |
||
| 999 |
_c82632 _d82632 |
||